000 00832nam a22002177a 4500
999 _c2299
_d2299
003 AR-CdUCM
008 190304b ||||| |||| 00| 0 eng d
040 _aMUNICIPALIDAD PROVINCIAL DEL CUSCO
_cBIBLIOTECA MUNICIPAL DEL CUSCO
082 _a862.08 /
_bE86
100 _aEspina, Antonio
_98297
245 _aLas mejores escenas de teatro español e hispanoamericano :
_bdesde sus orígenes hasta la época actual /
260 _aMadrid :
_bAguilar,
_c1959.
300 _a1172 páginas ;
_c24 cm.
500 _zCon bibliografía e índices.
505 _aContenido: Neoclásicos -- Romanticismo y neorromanticismo -- El realismo -- Los modernos -- Los Hispanoamérica ...
650 _aTeatro Español
_9648
650 _aTeatro Latinoamericano
_98298
650 _aBibliografias
_9991
942 _2ddc
_cLIBROS
945 _araen